[Event "European Online Club-ch-D 2021"]
[Site "Online"]
[Date "2021.03.27"]
[Round "6.7"]
[White "Pascual Palomo, Lucia"]
[Black "Dauletova, Gulmira"]
[Result "0-1"]
[WhiteElo "2101"]
[BlackElo "2285"]
[Annotator "NA"]
[PlyCount "94"]
[EventDate "2021.03.27"]
[EventType "team-tourn"]
[EventCountry "NET"]
[SourceTitle "playchess.com"]
[Source "ChessBase"]
[SourceQuality "1"]
[TimeControl "900+5"]

1. e4 {[%emt 0:00:00]} e5 {[%emt 0:00:03]} 2. Nf3 {[%emt 0:00:08]} Nc6 {[%emt 0:00:03]} 3. d4 {[%emt 0:00:12]} exd4 {[%emt 0:00:02]} 4. Nxd4 {[%emt 0:00:05]} Nf6 {[%emt 0:00:03]} 5. Nc3 {[%emt 0:00:45]} Bb4 {[%emt 0:00:09]} 6. Nxc6 {[%emt 0:00:07]} bxc6 {[%emt 0:00:10]} 7. Bd3 {[%emt 0:00:03]} O-O {[%emt 0:00:46]} 8. O-O {[%emt 0:00:09]} d5 {[%emt 0:00:08]} 9. exd5 {[%emt 0:01:27]} cxd5 {[%emt 0:00:05]} 10. Bg5 {[%emt 0:00:04]} c6 {[%emt 0:00:16]} 11. Ne2 {[%emt 0:00:30]} Bd6 {[%emt 0:01:40]} 12. h3 {[%emt 0:00:23]} Be5 {[%emt 0:00:51]} 13. c3 {[%emt 0:00:08]} h6 {[%emt 0:00:22]} 14. Bh4 {[%emt 0:00:16]} Rb8 {[%emt 0:00:16]} 15. Rb1 {[%emt 0:00:33]} Re8 {[%emt 0:00:41]} 16. f4 {[%emt 0:00:29]} Bd6 {[%emt 0:00:13]} 17. Nd4 {[%emt 0:00:07]} Bd7 {[%emt 0:00:28]} 18. Kh1 {[%emt 0:01:00]} Be7 {[%emt 0:01:29]} 19. Bf5 {[%emt 0:01:08]} Ne4 {[%emt 0:01:16]} 20. Be1 {[%emt 0:01:00]} Bf6 {[%emt 0:00:29]} 21. Bxd7 {[%emt 0:00:45]} Qxd7 {[%emt 0:00:03]} 22. Qa4 {[%emt 0:00:12]} Rb6 {[%emt 0:00:31]} 23. Rf3 {[%emt 0:02:44]} Reb8 {[%emt 0:01:32]} 24. b3 {[%emt 0:00:20]} Qb7 {[%emt 0:00:14]} 25. Qa3 {[%emt 0:01:23]} c5 {[%emt 0:01:42]} 26. Ne2 {[%emt 0:00:12]} d4 {[%emt 0:00:34]} 27. cxd4 {[%emt 0:00:32]} cxd4 {[%emt 0:00:02]} 28. Rd1 {[%emt 0:00:06]} Ra6 {[%emt 0:00:32]} 29. Qc1 {[%emt 0:00:20]} Rxa2 {[%emt 0:01:05]} 30. Nxd4 {[%emt 0:00:03]} Rd8 {[%emt 0:00:12]} 31. Nf5 {[%emt 0:01:08]} Rxd1 {[%emt 0:00:24]} 32. Qxd1 {[%emt 0:00:05]} Ra1 {[%emt 0:00:04]} 33. Qe2 {[%emt 0:00:23]} Bc3 {[%emt 0:01:12]} 34. Rf1 {[%emt 0:00:04]} g6 {[%emt 0:00:02]} 35. Bxc3 {[%emt 0:00:16]} Rxf1+ {[%emt 0:00:04]} 36. Qxf1 {[%emt 0:00:03]} Nxc3 {[%emt 0:00:03]} 37. Nxh6+ {[%emt 0:00:08]} Kg7 {[%emt 0:00:02]} 38. Ng4 {[%emt 0:00:08]} Qxb3 {[%emt 0:00:01]} 39. Kh2 {[%emt 0:00:22]} Qd5 {[%emt 0:00:16]} 40. Qa6 {[%emt 0:00:09]} Qd4 {[%emt 0:00:03]} 41. Qf1 {[%emt 0:00:15]} a5 {[%emt 0:00:03]} 42. Ne5 {[%emt 0:00:04]} a4 {[%emt 0:00:03]} 43. g3 {[%emt 0:00:10]} a3 {[%emt 0:00:03]} 44. Qg2 {[%emt 0:00:04]} a2 {[%emt 0:00:03]} 45. Qf1 {[%emt 0:00:03]} Qd2+ {[%emt 0:00:05]} 46. Kh1 {[%emt 0:00:03]} Qd1 {[%emt 0:00:04]} 47. Qxd1 {[%emt 0:00:06]} Nxd1 {[%emt 0:00:02]} 0-1

[Event "European Online Club-ch-D 2021"]
[Site "Online"]
[Date "2021.03.27"]
[Round "6.8"]
[White "Muminova, Nafisa"]
[Black "Estevez Sacristan, Deva"]
[Result "1-0"]
[WhiteElo "2274"]
[BlackElo "1932"]
[Annotator "NA"]
[PlyCount "57"]
[EventDate "2021.03.27"]
[EventType "team-tourn"]
[EventCountry "NET"]
[SourceTitle "playchess.com"]
[Source "ChessBase"]
[SourceQuality "1"]
[TimeControl "900+5"]

1. d4 {[%emt 0:00:00]} f5 {[%emt 0:00:04]} 2. Nc3 {[%emt 0:00:05]} Nf6 {[%emt 0:00:03]} 3. Bg5 {[%emt 0:00:04]} d5 {[%emt 0:00:03]} 4. e3 {[%emt 0:00:17]} Be6 {[%emt 0:00:11]} 5. Nf3 {[%emt 0:00:05]} Ne4 {[%emt 0:01:35]} 6. Nxe4 {[%emt 0:00:17]} fxe4 {[%emt 0:00:14]} 7. Ne5 {[%emt 0:00:02]} g6 {[%emt 0:00:13]} 8. f3 {[%emt 0:00:26]} Bg7 {[%emt 0:00:29]} 9. Be2 {[%emt 0:01:15]} O-O {[%emt 0:00:23]} 10. O-O {[%emt 0:01:15]} exf3 {[%emt 0:00:27]} 11. Bxf3 {[%emt 0:00:28]} c5 {[%emt 0:00:23]} 12. c3 {[%emt 0:00:09]} Na6 {[%emt 0:03:24]} 13. Bg4 {[%emt 0:01:12]} Bxg4 {[%emt 0:00:15]} 14. Qxg4 {[%emt 0:00:03]} Qd6 {[%emt 0:00:16]} 15. Bf4 {[%emt 0:00:23]} Qf6 {[%emt 0:02:04]} 16. Bg3 {[%emt 0:01:08]} Qb6 {[%emt 0:00:17]} 17. Nd7 {[%emt 0:01:08]} Rxf1+ {[%emt 0:00:12]} 18. Rxf1 {[%emt 0:00:03]} Qc6 {[%emt 0:00:13]} 19. Ne5 {[%emt 0:00:14]} Qb6 {[%emt 0:00:52]} 20. Qd7 {[%emt 0:00:14]} cxd4 {[%emt 0:01:42]} 21. exd4 {[%emt 0:00:48]} Qd6 {[%emt 0:01:57]} 22. Qxb7 {[%emt 0:01:49]} Rb8 {[%emt 0:00:21]} 23. Qxa7 {[%emt 0:00:02]} Qe6 {[%emt 0:00:46]} 24. Nc6 {[%emt 0:02:13]} Qxc6 {[%emt 0:00:20]} 25. Bxb8 {[%emt 0:00:04]} Qc8 {[%emt 0:00:07]} 26. Bg3 {[%emt 0:00:26]} h6 {[%emt 0:00:11]} 27. h3 {[%emt 0:00:12]} Kh7 {[%emt 0:00:05]} 28. Qxe7 {[%emt 0:00:04]} Qg8 {[%emt 0:00:06]} 29. Rf7 {[%emt 0:00:08]} 1-0

[Event "European Online Club-ch-D 2021"]
[Site "Online"]
[Date "2021.03.27"]
[Round "6.9"]
[White "Adams, Michael"]
[Black "Straka, Vojtech"]
[Result "1-0"]
[WhiteElo "2716"]
[BlackElo "2417"]
[Annotator "TA"]
[PlyCount "79"]
[EventDate "2021.03.27"]
[EventType "team-tourn"]
[EventCountry "NET"]
[SourceTitle "playchess.com"]
[Source "ChessBase"]
[SourceQuality "1"]

{[%evp 22,79,29,27,41,40,45,40,41,34,106,0,0,0,113,114,119,112,120,111,137,79,125,139,174,174,154,139,177,171,185,156,162,164,168,181,169,193,211,219,638,632,830,830,985,981,945,941,1602,202,1592,1500,29977,29978,29965,2006,1945,1842,5243,5243]} 1. e4 c5 2. Nf3 g6 3. d4 cxd4 4. Nxd4 Nc6 5. c4 Nf6 6. Nc3 Nxd4 7. Qxd4 d6 8. Be2 Bg7 9. Be3 O-O 10. Qd2 Be6 11. O-O Qa5 12. Rfc1 Rfc8 {B36: Sicilian: Maroczy Bind: Gurgenidze System.} 13. b3 {[%cal Bb2b3,Bb3b4][%mdl 32]} a6 14. a4 $5 {[%mdl 4] A promising side line.} Nd7 {White is slightly better.} 15. Rab1 {[#]} f5 $146 (15... Re8 $14) ({Predecessor:} 15... Rab8 16. Ba7 Ra8 17. Bd4 Bxd4 18. Qxd4 Nf6 19. Nd5 Bxd5 20. exd5 Rc7 21. g3 Rac8 {½-½ (41) Broniek,M (2431)-Paredes,C (2453) ICCF email 2017}) 16. Bf3 Ne5 17. Be2 Nd7 18. b4 Qd8 19. exf5 Bxf5 {[#]} 20. Rb3 Kh8 21. a5 ({Better is} 21. Nd5) 21... Nf6 22. Na4 Rc6 23. Nb6 Rb8 24. h3 Qg8 25. Bf3 Be4 26. Bd4 {Threatens to win with Bxf6.} e5 27. Bb2 Re8 28. Re1 Bxf3 29. Rxf3 ({Not} 29. gxf3 Nh5 $11) 29... Qe6 30. Rd3 Rxb6 $2 (30... Qf5 31. Rd1 (31. Rxd6 Rxd6 32. Qxd6 Ne4 $11) 31... g5) 31. axb6 $18 Qxc4 32. Rxd6 Ne4 {[#]} 33. Rd8 $1 {[%mdl 512]} Nxd2 34. Rxe8+ Bf8 35. Bxe5+ Kg8 {Hoping for ...Kf7.} 36. Bd6 Kg7 37. Bxf8+ Kf6 38. Bc5 (38. Be7+ $142 Kg7 39. Bg5 Qf7 40. R1e7 Nc4 41. Rxf7+ Kxf7 42. Re7+ {[%mdl 64] Double Attack} Kg8 43. Rxb7) 38... g5 39. Rd8 Ne4 40. Rd4 {Weighted Error Value: White=0.10/Black=0.61} 1-0

[Event "European Online Club-ch-D 2021"]
[Site "Online"]
[Date "2021.03.27"]
[Round "6.10"]
[White "Roubalik, Jakub"]
[Black "Howell, David W L"]
[Result "1/2-1/2"]
[WhiteElo "2391"]
[BlackElo "2658"]
[Annotator "ChessBase"]
[PlyCount "107"]
[EventDate "2021.03.27"]
[EventType "team-tourn"]
[EventCountry "NET"]
[SourceTitle "playchess.com"]
[Source "ChessBase"]
[SourceQuality "1"]
[TimeControl "900+5"]

1. d4 {[%emt 0:00:00]} Nf6 {[%emt 0:01:06]} 2. c4 {[%emt 0:00:04]} e6 {[%emt 0:00:05]} 3. Nf3 {[%emt 0:00:04]} b6 {[%emt 0:00:30]} 4. a3 {[%emt 0:00:04]} Bb7 {[%emt 0:00:22]} 5. Nc3 {[%emt 0:00:04]} d5 {[%emt 0:00:50]} 6. cxd5 {[%emt 0:00:03]} Nxd5 {[%emt 0:00:01]} 7. e3 {[%emt 0:00:05]} g6 {[%emt 0:00:09]} 8. h4 {[%emt 0:00:14]} h6 {[%emt 0:00:25]} 9. Bb5+ {[%emt 0:00:20]} c6 {[%emt 0:00:03]} 10. Bd3 {[%emt 0:00:03]} Nxc3 {[%emt 0:00:08]} 11. bxc3 {[%emt 0:00:02]} Bg7 {[%emt 0:00:01]} 12. e4 {[%emt 0:01:01]} c5 {[%emt 0:00:21]} 13. Be3 {[%emt 0:00:25]} Nd7 {[%emt 0:02:24]} 14. Qe2 {[%emt 0:02:41]} Nf6 {[%emt 0:02:28]} 15. Bf4 {[%emt 0:02:03]} O-O {[%emt 0:00:12]} 16. Be5 {[%emt 0:00:54]} cxd4 {[%emt 0:00:23]} 17. cxd4 {[%emt 0:00:03]} Rc8 {[%emt 0:00:02]} 18. O-O {[%emt 0:00:05]} Nh5 {[%emt 0:02:37]} 19. Bxg7 {[%emt 0:00:08]} Kxg7 {[%emt 0:00:01]} 20. Qe3 {[%emt 0:02:14]} Rc3 {[%emt 0:01:22]} 21. Rfc1 {[%emt 0:00:24]} Qc7 {[%emt 0:01:01]} 22. Rxc3 {[%emt 0:00:05]} Qxc3 {[%emt 0:00:03]} 23. Rc1 {[%emt 0:00:01]} Qxa3 {[%emt 0:00:05]} 24. Rc7 {[%emt 0:00:02]} Ba6 {[%emt 0:01:40]} 25. Bxa6 {[%emt 0:00:55]} Qxa6 {[%emt 0:00:02]} 26. Ne5 {[%emt 0:00:41]} Qa1+ {[%emt 0:00:06]} 27. Kh2 {[%emt 0:00:03]} Qd1 {[%emt 0:00:01]} 28. Rxa7 {[%emt 0:00:34]} Nf6 {[%emt 0:00:09]} 29. f3 {[%emt 0:00:34]} b5 {[%emt 0:00:31]} 30. Rb7 {[%emt 0:00:18]} Qb1 {[%emt 0:00:08]} 31. Qf4 {[%emt 0:00:31]} Qb4 {[%emt 0:00:08]} 32. Nc6 {[%emt 0:01:12]} Qc3 {[%emt 0:00:01]} 33. Qd6 {[%emt 0:00:17]} Qe1 {[%emt 0:00:05]} 34. Qf4 {[%emt 0:00:11]} Nh5 {[%emt 0:00:07]} 35. Qg4 {[%emt 0:00:05]} Nf6 {[%emt 0:00:10]} 36. Qg3 {[%emt 0:00:16]} Qxg3+ {[%emt 0:00:06]} 37. Kxg3 {[%emt 0:00:01]} Nh5+ {[%emt 0:00:01]} 38. Kf2 {[%emt 0:00:07]} g5 {[%emt 0:00:01]} 39. hxg5 {[%emt 0:00:03]} hxg5 {[%emt 0:00:01]} 40. Rxb5 {[%emt 0:00:03]} Kh6 {[%emt 0:00:04]} 41. Ne5 {[%emt 0:00:04]} Nf4 {[%emt 0:00:09]} 42. Rb6 {[%emt 0:00:17]} Kg7 {[%emt 0:00:06]} 43. Rb7 {[%emt 0:00:03]} Ng6 {[%emt 0:00:05]} 44. Nxg6 {[%emt 0:00:06]} Kxg6 {[%emt 0:00:01]} 45. Ke3 {[%emt 0:00:07]} Kf6 {[%emt 0:00:01]} 46. Rb6 {[%emt 0:00:12]} Ra8 {[%emt 0:00:01]} 47. d5 {[%emt 0:00:05]} Ke5 {[%emt 0:00:06]} 48. dxe6 {[%emt 0:00:14]} fxe6 {[%emt 0:00:01]} 49. Rb5+ {[%emt 0:00:03]} Kf6 {[%emt 0:00:01]} 50. Kf2 {[%emt 0:00:10]} Ra2+ {[%emt 0:00:06]} 51. Kg3 {[%emt 0:00:01]} Re2 {[%emt 0:00:01]} 52. Kh3 {[%emt 0:00:04]} g4+ {[%emt 0:00:04]} 53. Kxg4 {[%emt 0:00:04]} Rxg2+ {[%emt 0:00:02]} 54. Kf4 {[%emt 0:00:02]} 1/2-1/2

[Event "European Online Club-ch-D 2021"]
[Site "Online"]
[Date "2021.03.27"]
[Round "6.11"]
[White "McShane, Luke J"]
[Black "Vymazal, Bronislav"]
[Result "1-0"]
[WhiteElo "2674"]
[BlackElo "2350"]
[Annotator "ChessBase"]
[PlyCount "43"]
[EventDate "2021.03.27"]
[EventType "team-tourn"]
[EventCountry "NET"]
[SourceTitle "playchess.com"]
[Source "ChessBase"]
[SourceQuality "1"]
[TimeControl "900+5"]

1. e4 {[%emt 0:00:00]} b6 {[%emt 0:00:09]} 2. d4 {[%emt 0:00:05]} Bb7 {[%emt 0:00:01]} 3. Bd3 {[%emt 0:00:02]} Nf6 {[%emt 0:00:02]} 4. Qe2 {[%emt 0:00:28]} Nc6 {[%emt 0:00:03]} 5. c3 {[%emt 0:00:10]} e5 {[%emt 0:00:02]} 6. d5 {[%emt 0:00:22]} Ne7 {[%emt 0:00:02]} 7. h4 {[%emt 0:00:37]} Ng6 {[%emt 0:01:36]} 8. h5 {[%emt 0:00:03]} Nf4 {[%emt 0:00:06]} 9. Bxf4 {[%emt 0:00:02]} exf4 {[%emt 0:00:00]} 10. Nh3 {[%emt 0:00:02]} Bd6 {[%emt 0:00:10]} 11. e5 {[%emt 0:01:53]} O-O {[%emt 0:00:02]} 12. exf6 {[%emt 0:00:04]} Re8 {[%emt 0:00:03]} 13. Be4 {[%emt 0:00:02]} Bxd5 {[%emt 0:00:03]} 14. Nd2 {[%emt 0:00:08]} Qxf6 {[%emt 0:00:17]} 15. O-O-O {[%emt 0:00:38]} Bxa2 {[%emt 0:00:21]} 16. Qd3 {[%emt 0:00:24]} Rac8 {[%emt 0:02:34]} 17. Bxh7+ {[%emt 0:00:07]} Kh8 {[%emt 0:00:02]} 18. Ne4 {[%emt 0:01:17]} Qh6 {[%emt 0:00:20]} 19. Bf5 {[%emt 0:02:32]} Re5 {[%emt 0:03:56]} 20. f3 {[%emt 0:04:42]} Bb3 {[%emt 0:04:27]} 21. Nhf2 {[%emt 0:00:03]} Bf8 {[%emt 0:01:03]} 22. Ng4 {[%emt 0:00:22]} 1-0

[Event "European Online Club-ch-D 2021"]
[Site "Online"]
[Date "2021.03.27"]
[Round "6.12"]
[White "Kusa, Jakub"]
[Black "Cheparinov, Ivan"]
[Result "0-1"]
[WhiteElo "2336"]
[BlackElo "2667"]
[Annotator "ChessBase"]
[PlyCount "44"]
[EventDate "2021.03.27"]
[EventType "team-tourn"]
[EventCountry "NET"]
[SourceTitle "playchess.com"]
[Source "ChessBase"]
[SourceQuality "1"]
[TimeControl "900+5"]

1. e4 {[%emt 0:00:00]} c5 {[%emt 0:00:03]} 2. Nf3 {[%emt 0:00:05]} d6 {[%emt 0:00:03]} 3. Bb5+ {[%emt 0:00:03]} Nd7 {[%emt 0:00:02]} 4. O-O {[%emt 0:00:07]} a6 {[%emt 0:00:01]} 5. Bd3 {[%emt 0:00:07]} Ngf6 {[%emt 0:00:03]} 6. Re1 {[%emt 0:00:18]} e6 {[%emt 0:00:04]} 7. c3 {[%emt 0:00:11]} b5 {[%emt 0:00:04]} 8. Bc2 {[%emt 0:00:20]} c4 {[%emt 0:00:07]} 9. d4 {[%emt 0:01:02]} cxd3 {[%emt 0:00:04]} 10. Qxd3 {[%emt 0:00:15]} Bb7 {[%emt 0:00:24]} 11. Qe2 {[%emt 0:00:28]} Be7 {[%emt 0:00:09]} 12. a4 {[%emt 0:00:25]} O-O {[%emt 0:00:35]} 13. Bg5 {[%emt 0:01:10]} h6 {[%emt 0:00:30]} 14. Bh4 {[%emt 0:00:45]} bxa4 {[%emt 0:00:20]} 15. Rxa4 {[%emt 0:01:31]} e5 {[%emt 0:00:33]} 16. Bxf6 {[%emt 0:00:34]} Bxf6 {[%emt 0:00:21]} 17. c4 {[%emt 0:00:30]} Nc5 {[%emt 0:00:24]} 18. Ra1 {[%emt 0:00:10]} Qb6 {[%emt 0:00:09]} 19. Nc3 {[%emt 0:01:22]} Qxb2 {[%emt 0:00:42]} 20. Nd5 {[%emt 0:02:44]} Bxd5 {[%emt 0:00:03]} 21. exd5 {[%emt 0:00:02]} e4 {[%emt 0:00:31]} 22. h3 {[%emt 0:01:08]} exf3 {[%emt 0:00:25]} 0-1

[Event "European Online Club-ch-D 2021"]
[Site "Online"]
[Date "2021.03.27"]
[Round "6.14"]
[White "Ibrahimli, Murad"]
[Black "Lagarde, Maxime"]
[Result "1/2-1/2"]
[WhiteElo "2436"]
[BlackElo "2640"]
[Annotator "ChessBase"]
[PlyCount "235"]
[EventDate "2021.03.27"]
[EventType "team-tourn"]
[EventCountry "NET"]
[SourceTitle "playchess.com"]
[Source "ChessBase"]
[SourceQuality "1"]
[TimeControl "900+5"]

1. d4 {[%emt 0:00:00]} f5 {[%emt 0:00:03]} 2. c4 {[%emt 0:00:04]} Nf6 {[%emt 0:00:02]} 3. Nc3 {[%emt 0:00:02]} d6 {[%emt 0:00:01]} 4. g3 {[%emt 0:00:03]} g6 {[%emt 0:00:03]} 5. Bg2 {[%emt 0:00:02]} Bg7 {[%emt 0:00:01]} 6. Nf3 {[%emt 0:00:01]} O-O {[%emt 0:00:02]} 7. O-O {[%emt 0:00:02]} c6 {[%emt 0:00:02]} 8. b3 {[%emt 0:00:09]} Na6 {[%emt 0:00:50]} 9. Re1 {[%emt 0:00:26]} e5 {[%emt 0:00:14]} 10. dxe5 {[%emt 0:01:21]} dxe5 {[%emt 0:00:00]} 11. Ba3 {[%emt 0:00:02]} e4 {[%emt 0:00:21]} 12. Bxf8 {[%emt 0:01:32]} Qxf8 {[%emt 0:00:00]} 13. Nd4 {[%emt 0:00:05]} Ng4 {[%emt 0:00:04]} 14. h3 {[%emt 0:00:53]} Ne5 {[%emt 0:00:10]} 15. Qd2 {[%emt 0:00:48]} Nc5 {[%emt 0:00:24]} 16. Rad1 {[%emt 0:00:21]} a5 {[%emt 0:00:06]} 17. Qc2 {[%emt 0:01:19]} h5 {[%emt 0:02:10]} 18. Na4 {[%emt 0:01:28]} Nxa4 {[%emt 0:01:10]} 19. bxa4 {[%emt 0:00:03]} Qc5 {[%emt 0:00:42]} 20. Nb3 {[%emt 0:00:22]} Qe7 {[%emt 0:00:02]} 21. f4 {[%emt 0:00:54]} Nf7 {[%emt 0:00:27]} 22. e3 {[%emt 0:00:06]} c5 {[%emt 0:02:43]} 23. g4 {[%emt 0:00:55]} hxg4 {[%emt 0:00:41]} 24. hxg4 {[%emt 0:00:03]} Be6 {[%emt 0:00:01]} 25. gxf5 {[%emt 0:00:38]} gxf5 {[%emt 0:00:04]} 26. Bh3 {[%emt 0:00:02]} b6 {[%emt 0:00:25]} 27. Qf2 {[%emt 0:00:26]} Bf6 {[%emt 0:01:09]} 28. Kh2 {[%emt 0:00:04]} Nh6 {[%emt 0:00:21]} 29. Nd2 {[%emt 0:01:06]} Kf7 {[%emt 0:00:29]} 30. Qe2 {[%emt 0:01:16]} Rh8 {[%emt 0:00:04]} 31. Rh1 {[%emt 0:00:52]} Kf8 {[%emt 0:00:16]} 32. Rdg1 {[%emt 0:00:16]} Bf7 {[%emt 0:02:16]} 33. Rg3 {[%emt 0:01:04]} Bh4 {[%emt 0:00:24]} 34. Rg2 {[%emt 0:00:02]} Qe8 {[%emt 0:00:40]} 35. Nf1 {[%emt 0:00:13]} Qxa4 {[%emt 0:00:12]} 36. Qb2 {[%emt 0:00:03]} Rh7 {[%emt 0:00:07]} 37. Qxb6 {[%emt 0:00:01]} Qxc4 {[%emt 0:00:21]} 38. Qb8+ {[%emt 0:00:30]} Be8 {[%emt 0:00:18]} 39. Kg1 {[%emt 0:00:02]} Qe6 {[%emt 0:00:11]} 40. Ng3 {[%emt 0:00:16]} Rg7 {[%emt 0:00:07]} 41. Ne2 {[%emt 0:00:05]} Rxg2+ {[%emt 0:00:08]} 42. Bxg2 {[%emt 0:00:01]} Be7 {[%emt 0:00:02]} 43. Bh3 {[%emt 0:00:15]} Qf6 {[%emt 0:00:04]} 44. Qe5 {[%emt 0:00:09]} c4 {[%emt 0:00:27]} 45. Nd4 {[%emt 0:00:07]} c3 {[%emt 0:00:02]} 46. Qxf6+ {[%emt 0:00:03]} Bxf6 {[%emt 0:00:03]} 47. Kf2 {[%emt 0:00:03]} Bxd4 {[%emt 0:00:09]} 48. exd4 {[%emt 0:00:02]} c2 {[%emt 0:00:01]} 49. Rc1 {[%emt 0:00:02]} Ba4 {[%emt 0:00:02]} 50. Ke3 {[%emt 0:00:16]} Ke7 {[%emt 0:00:02]} 51. d5 {[%emt 0:00:05]} Kd6 {[%emt 0:00:07]} 52. Kd4 {[%emt 0:00:02]} Ng4 {[%emt 0:00:03]} 53. Bxg4 {[%emt 0:00:01]} fxg4 {[%emt 0:00:00]} 54. Kxe4 {[%emt 0:00:01]} g3 {[%emt 0:00:01]} 55. f5 {[%emt 0:00:03]} g2 {[%emt 0:00:02]} 56. f6 {[%emt 0:00:15]} Bb5 {[%emt 0:00:06]} 57. f7 {[%emt 0:00:02]} Ke7 {[%emt 0:00:02]} 58. Kf3 {[%emt 0:00:03]} Kxf7 {[%emt 0:00:09]} 59. Kxg2 {[%emt 0:00:01]} Bc4 {[%emt 0:00:10]} 60. Rxc2 {[%emt 0:00:04]} Bxd5+ {[%emt 0:00:01]} 61. Kf2 {[%emt 0:00:01]} a4 {[%emt 0:00:05]} 62. Ke3 {[%emt 0:00:03]} Ke7 {[%emt 0:00:05]} 63. Kd4 {[%emt 0:00:02]} Be6 {[%emt 0:00:03]} 64. Ke5 {[%emt 0:00:05]} Bf7 {[%emt 0:00:13]} 65. Rc7+ {[%emt 0:00:11]} Ke8 {[%emt 0:00:01]} 66. a3 {[%emt 0:00:05]} Bb3 {[%emt 0:00:05]} 67. Kd6 {[%emt 0:00:02]} Kf8 {[%emt 0:00:07]} 68. Re7 {[%emt 0:00:04]} Ba2 {[%emt 0:00:02]} 69. Re4 {[%emt 0:00:01]} Bb3 {[%emt 0:00:02]} 70. Kc5 {[%emt 0:00:02]} Kf7 {[%emt 0:00:02]} 71. Kd6 {[%emt 0:00:01]} Kf8 {[%emt 0:00:02]} 72. Kd7 {[%emt 0:00:02]} Kf7 {[%emt 0:00:05]} 73. Rf4+ {[%emt 0:00:01]} Kg6 {[%emt 0:00:05]} 74. Kc6 {[%emt 0:00:02]} Kg5 {[%emt 0:00:00]} 75. Rf8 {[%emt 0:00:02]} Bc2 {[%emt 0:00:07]} 76. Kb5 {[%emt 0:00:01]} Bb3 {[%emt 0:00:03]} 77. Rf1 {[%emt 0:00:13]} Bc2 {[%emt 0:00:09]} 78. Rf2 {[%emt 0:00:10]} Bb3 {[%emt 0:00:03]} 79. Kc5 {[%emt 0:00:02]} Kg6 {[%emt 0:00:04]} 80. Kd6 {[%emt 0:00:02]} Kg5 {[%emt 0:00:03]} 81. Ke5 {[%emt 0:00:01]} Kg6 {[%emt 0:00:02]} 82. Rf3 {[%emt 0:00:25]} Kg7 {[%emt 0:00:06]} 83. Kd4 {[%emt 0:00:04]} Bd1 {[%emt 0:00:08]} 84. Rf4 {[%emt 0:00:05]} Kg6 {[%emt 0:00:03]} 85. Kc5 {[%emt 0:00:14]} Kg5 {[%emt 0:00:05]} 86. Rf1 {[%emt 0:00:04]} Bb3 {[%emt 0:00:03]} 87. Kd6 {[%emt 0:00:18]} Kg6 {[%emt 0:00:05]} 88. Ke7 {[%emt 0:00:02]} Kg5 {[%emt 0:00:04]} 89. Rf2 {[%emt 0:00:03]} Kg6 {[%emt 0:00:03]} 90. Kd6 {[%emt 0:00:06]} Kg5 {[%emt 0:00:02]} 91. Ke5 {[%emt 0:00:02]} Kg6 {[%emt 0:00:02]} 92. Rf1 {[%emt 0:00:02]} Bc2 {[%emt 0:00:08]} 93. Rg1+ {[%emt 0:00:16]} Kf7 {[%emt 0:00:04]} 94. Rc1 {[%emt 0:00:02]} Bb3 {[%emt 0:00:03]} 95. Rc7+ {[%emt 0:00:02]} Kg6 {[%emt 0:00:02]} 96. Rc3 {[%emt 0:00:11]} Kg7 {[%emt 0:00:09]} 97. Rf3 {[%emt 0:00:03]} Kg6 {[%emt 0:00:05]} 98. Kd4 {[%emt 0:00:01]} Kg5 {[%emt 0:00:04]} 99. Kc5 {[%emt 0:00:02]} Kg4 {[%emt 0:00:10]} 100. Rf8 {[%emt 0:00:02]} Kg5 {[%emt 0:00:03]} 101. Kb4 {[%emt 0:00:02]} Kg6 {[%emt 0:00:09]} 102. Ra8 {[%emt 0:00:07]} Kf6 {[%emt 0:00:13]} 103. Ra6+ {[%emt 0:00:08]} Ke7 {[%emt 0:00:09]} 104. Kc5 {[%emt 0:00:04]} Kd7 {[%emt 0:00:03]} 105. Ra7+ {[%emt 0:00:02]} Ke6 {[%emt 0:00:04]} 106. Rh7 {[%emt 0:00:10]} Ke5 {[%emt 0:00:07]} 107. Re7+ {[%emt 0:00:03]} Kf6 {[%emt 0:00:02]} 108. Re3 {[%emt 0:00:02]} Kf5 {[%emt 0:00:10]} 109. Kb4 {[%emt 0:00:02]} Kf6 {[%emt 0:00:04]} 110. Rxb3 {[%emt 0:00:04]} axb3 {[%emt 0:00:00]} 111. Kxb3 {[%emt 0:00:03]} Ke6 {[%emt 0:00:02]} 112. Kb4 {[%emt 0:00:02]} Kd7 {[%emt 0:00:01]} 113. Kb5 {[%emt 0:00:01]} Kc8 {[%emt 0:00:01]} 114. Kb6 {[%emt 0:00:01]} Kb8 {[%emt 0:00:00]} 115. a4 {[%emt 0:00:02]} Ka8 {[%emt 0:00:00]} 116. a5 {[%emt 0:00:01]} Kb8 {[%emt 0:00:00]} 117. a6 {[%emt 0:00:02]} Ka8 {[%emt 0:00:00]} 118. a7 {[%emt 0:00:01]} 1/2-1/2